000 00778nam a2200265 a 4500
001 24477
003 CO-ViMGA
008 141112s2004 ck r 000 u spa d
020 _a9788498380880
040 _aCO-ViMGA
_bspa
_cCO-ViMGA
041 _aSPA
090 _aN HOS1
100 1 _aHosseini, Khaled
_936355
245 1 0 _aCometas en el cielo /
_cKhaled Hosseini ; traducido por Isabel Murillo Fort
250 _a11a ed.
260 _aBarcelona :
_bSalamandra,
_c2009
300 _a382 p.
500 _aTítulo original : The Kite Runner
650 1 4 _aAMISTAD EN LA LITERATURA
_970
650 1 4 _aLITERATURA AFGANA
_936356
650 1 4 _aNOVELA AFGANA
_936357
650 1 4 _aPADRES E HIJOS - NOVELA
_923439
700 1 _aMurillo Fort, Isabel
_936358
942 _2ddc
_cBK
999 _c2201
_d2201